00313 a2200109 4500001001000000005001700010008004100027245003700068100002800105773005300133999001700186ART_3867220260410161740.0260409a 10aDerecho del trabajo como sistema1 aCapon Filas, Rodolfo E.0 tDoctrina laboralg- NÂș 344 (abr. 2014)wREV4049 c18626d18626